| 000 | 01164nam a2200301 c 4500 | ||
|---|---|---|---|
| 003 | BLK | ||
| 005 | 20180521131204.0 | ||
| 008 | 180408b bul|||||r ||||||| ||bul|| | ||
| 010 | _aKNG00058642000 | ||
| 040 | _aBLK | ||
| 041 |
_aBUL _cBUL |
||
| 080 |
_aАмериканска литература (на САЩ) _b821.111(73) _x-31 _z821.111(73)-31 |
||
| 100 | 1 |
_aХелър, Джоузеф _eпърви автор _9244054 |
|
| 700 | 1 |
_aАтанасов, Боян _eпрев. от англ. _9285743 |
|
| 139 |
_aХелър, Джоузеф _bХ 40 |
||
| 245 | 1 | 0 |
_aПараграф 22 _bРоман _cДжоузеф Хелър; прев. от англ. Боян Атанасов. |
| 250 | _a3. изд. | ||
| 257 | _aUSA | ||
| 260 |
_аСофия _bАтлантис _c1990 _fВарна : ДФ Бряг-принт |
||
| 300 |
_a521 с. _c20 см |
||
| 380 | _aX | ||
| 500 | _aОриг. загл. Catch 22 / Joseph Heller. - 1. изд. 1977 в Библ. Избрани романи на изд. Нар. култура. | ||
| 852 | _aЦБ 165108 | ||
| 856 | 4 |
_qpdf _u |
|
| 856 | 4 |
_qpdf _u |
|
| 942 |
_cKNG _n0 _01 |
||
| 944 |
_aCR _c02.03.2006 _kДиана_Димитрова |
||
| 944 |
_aED _c22.03.2013 _k |
||
| 999 |
_c54680 _d54680 |
||